Lexikon der Elektrizität und Elektrotechnik /

Сохранить в:
Библиографические подробности
Главный автор: Hoppe, Fritz (edición)
Формат:
Язык:German
Опубликовано: Viena, Austria : A. Hartleben's, fecha no identificada
Предметы:
Метки: Добавить метку
Нет меток, Требуется 1-ая метка записи!

MARC

LEADER 00000nam^a2200000^a^4500
001 000564062
005 20250526000000.0
009 20260310132018.679
037 |a Acervo ITESO - Biblioteca 
041 |a ALE 
082 |a 621. 303  |b HOP 
100 |a Hoppe, Fritz  |e (edición) 
245 1 0 |a Lexikon der Elektrizität und Elektrotechnik /  |c F. Hoppe. 
264 1 |a Viena, Austria :  |b A. Hartleben's,  |c fecha no identificada 
300 |a VI, 960 p. ;  |c 25.5 cm. 
336 |a texto  |b txt  |2 rdacontenido 
337 |a sin mediación  |b n  |2 rdamedio 
338 |a volumen  |b nc  |2 rdasoporte 
561 |a Ex libris de E. Kentzler 
649 |a XX 
650 |a Electricidad -  |x Enciclopedias y Diccionarios 
650 |a Ingeniería Eléctrica -  |x Enciclopedias y Diccionarios -  |x Tema Principal 
650 |a Enciclopedias y Diccionarios 
910 |a Fondo General 
920 |a Impresos - Libros 
930 |a Libros Antiguos y Raros 
905 |a 108 
901 |a 0500400172  |b IT2  |c LRA  |i D85675  |u 20250526 
902 |a https://opac.biblio.iteso.mx/vufind/Record/000564062